Statistics for Oversimplified Characters

Click here to take the quiz!

General Stats

  • This quiz has been taken 24 times
  • The average score is 7 of 12

Answer Stats

Answer% Correct
Vladimir Lenin
89%
Joseph Stalin
83%
Abraham Lincoln
78%
Mao Zedong
67%
Harry Truman
56%
Karl Marx
56%
Tsar Nicholas II
56%
Benito Mussolini
44%
Spaghetti Jeff
44%
Eisenhower
39%
General MacArthur
39%
Woodrow Wilson
28%

Score Distribution

Percentile by Number Answered

Percent of People with Each Score

Your Score History

You have not taken this quiz